La réforme de l'orthographe au banc d'essai du Robert (Record no. 169441)

MARC details
000 -LEADER
campo de control de longitud fija 00782nam a22001935i 4500
001 - NÚMERO DE CONTROL
campo de control 169441
003 - IDENTIFICADOR DE NÚMERO DE CONTROL
campo de control ES-MaACL
005 - FECHA Y HORA DE LA ÚLTIMA TRANSACCIÓN
campo de control 20230906214108.0
008 - DATOS DE LONGITUD FIJA--INFORMACIÓN GENERAL
campo de control de longitud fija 080912s1991 fr |||| | fre d
020 ## - NÚMERO INTERNACIONAL ESTÁNDAR DEL LIBRO
Número Internacional Estándar del Libro 2-85036-133-X
080 ## - NÚMERO DE LA CLASIFICACIÓN DECIMAL UNIVERSAL
Número de la Clasificación Decimal Universal 811.133.1'35
100 0# - ENTRADA PRINCIPAL--NOMBRE DE PERSONA
Nombre de persona Rey-Debove, Josette.
9 (RLIN) 96523
245 13 - MENCIÓN DEL TÍTULO
Título La réforme de l'orthographe au banc d'essai du Robert
Resto del título : dossier complet, texte du Journal officiel, liste des mots modifiés, commentaires et évaluations /
Mención de responsabilidad, etc. par Josette Rey-Debove et Béatrice Le Beau-Bensa.
260 ## - PUBLICACIÓN, DISTRIBUCIÓN, ETC.
Lugar de publicación, distribución, etc. Paris :
Nombre del editor, distribuidor, etc. Le Robert,
Fecha de publicación, distribución, etc. 1991.
300 ## - DESCRIPCIÓN FÍSICA
Extensión 78 p. ;
Dimensiones 24 cm.
650 #4 - PUNTO DE ACCESO ADICIONAL DE MATERIA--TÉRMINO DE MATERIA
Término de materia o nombre geográfico como elemento de entrada Lengua francesa-
Subdivisión general Ortografía.
9 (RLIN) 14227
700 1# - ENTRADA AGREGADA--NOMBRE PERSONAL
Nombre de persona Le Beau-Bensa, Béatrice.
9 (RLIN) 138546
852 ## - LOCALIZACIÓN
Ubicación ES-MaACL
Número de control de estantería 2235-F-16
itemnumber R.141139
Nota libre .- Biblioteca Jacinto Martínez Lacalle
Holdings
Estatus retirado Estado de pérdida Estado de daño No para préstamo Colección Biblioteca de origen Biblioteca actual Ubicación en estantería Fecha de adquisición Fuente de adquisición Total de préstamos Signatura topográfica completa Código de barras Visto por última vez Precio de reemplazo Tipo de ítem Koha
        Colección de folletos Biblioteca del Ateneo de Madrid Biblioteca del Ateneo de Madrid Depósito folletos 12/09/2008     2235-F-16 1177886 23/02/2023 23/02/2023 Folleto